000 01027nam a22002897a 4500
001 9499
003 FISKH
005 20260115123126.0
008 260115b cb ||||| |||| 00| 0 eng d
020 _a9780525458418
040 _aFISKH
_beng
_cFISKH
_dFISKH
050 _aPZ7
100 _aMilne , A. A.
245 _aWinnie-the-Pooh's giant Lift-the-Flap book /
_cInspired By A. A. Milne with illustrations after the story of Ernest H. Shepard
260 _aNew York :
_bDutton Children's Books ,
_c1997 .
300 _a10 unnumbered pages :
_bcolor illustrations ;
_c31 cm .
490 _aGiant Lift-the-Flap - Disney
505 _aD
520 _aIntroduces shapes, colors, numbers, letters, and how to tell time in a lift-the-flap book.
521 8 _a200
_bLexile estimat
521 8 _aD
_bRaz-Plus
650 _aLift the flap
_vJuvenile literature
650 _aWinnie the Pooh
_vJuvenile literature
700 _aShepard , Ernest H.
_eIllustrator
942 _2ddc
_cBK
_n0
999 _c9499
_d9499